Fundamentos de Termodin mica Técnica. T.2 / M.J.Moran, H.N.Shapiro (Registro nro. 21585)

Detalles MARC
000 -LÍDER
fixed length control field 00488nam a2200169 4500
008 - ELEMENTOS DE LONGITUD FIJA -- INFORMACIÓN GENERAL
fixed length control field 0 1995 0a 000 0Esp
020 ## - NÚMERO INTERNACIONAL NORMALIZADO PARA LIBROS
ISBN 84-291-4169-3
050 ## - SIGNATURA TOPOGRAFICA DE LA BIBLIOTECA DEL CONGRESO (LC)
Número de Clasificación TJ265 M6718
082 ## - NUMERO DE CLASIFICACION DECIMAL DEWEY
Número de Clasificación 536.7 M449f
100 ## - ASIENTO PRINCIPAL--NOMBRE PERSONAL
Nombre personal Moran, M.J.
245 ## - TÍTULO
Título Fundamentos de Termodin mica Técnica. T.2 / M.J.Moran, H.N.Shapiro
260 ## - PUBLICACIÓN, DISTRIBUCIÓN, ETC. (PIE DE IMPRENTA)
Lugar de publicación, distribución, etc. Barcelona : Reverte
300 ## - DESCRIPCIÓN FÍSICA
Extensión 943p. T.2 / 25cm.
500 ## - NOTA GENERAL
Nota general Incluye Indice alfabetico
650 ## - ASIENTO SECUNDARIO DE MATERIA - TERMINO TEMÁTICO
Término temático o nombre geográfico como elemento de entrada 1. TERMODINAMICA
700 ## - ASIENTO SECUNDARIO - NOMBRE PERSONAL
Nombre personal Shapiro,H.N.
Existencias
No. biblioteca No. biblioteca Número de clasificación Código de barras/Número de adquisición Número de copia Tipo de material
LUIS G. INCLAN LUIS G. INCLAN 536.7 M449f 30257 5 Libros
LUIS G. INCLAN LUIS G. INCLAN 536.7 M449f 32999 6 Libros
LUIS G. INCLAN LUIS G. INCLAN 536.7 M449f 33005 7 Libros
LUIS G. INCLAN LUIS G. INCLAN 536.7 M449f 33006 8 Libros
LUIS G. INCLAN LUIS G. INCLAN 536.7 M449f 33007 9 Libros
LUIS G. INCLAN LUIS G. INCLAN 536.7 M449f 33009 11 Libros
LUIS G. INCLAN LUIS G. INCLAN 536.7 M449f 35276 12 Libros
LUIS G. INCLAN LUIS G. INCLAN 536.7 M449f 33008 10 Libros
LUIS G. INCLAN LUIS G. INCLAN 536.7 M449f 35277 13 Libros
LUIS G. INCLAN LUIS G. INCLAN 536.7 M449f 30256 4 Libros
LUIS G. INCLAN LUIS G. INCLAN 536.7 M449f 25231 1 Libros
Calzada Tecnológico # 27, Zacatepec, Morelos.
01(734) 343-07-23 / 343-21-10 / 343-21-11
Apdo. Postal 45 C.P 62780